00963cam a2200265 a 4500999001500000001000600015003000900021005001700030008004100047020001700088040003800105082002300143100002000166245005700186260005400243300004500297490004800342504005100390650003500441650003500476700001900511710003400530942001200564952012100576 c2934d293410838BD-DhUAP20210130162332.0200229s1998 bg abf b f000 0 eng  a984300000965 aBD-DhUAPcBD-DhUAPdBD-DhUAPbEng a306.095492 GLA223 aGlassie, Henry. aLiving traditions /cHenry Glassie and Firoz Mahmud. aDhaka : bAsiatic Society of Bangladesh,cc2007. axi, 600 pages :billustrations ;c25 cm. aCultural survey of Bangladesh series ;v11. aIncludes bibliographical references and index. aMaterial culture -- Bangladesh aDecorative arts -- Bangladesh. aMahmud, Firoz  aAsiatic Society of Bangladesh 2ddccBK 00102ddc4070aUAPCLbUAPCLcGeneral Stacksd2020-02-29o306.095492 GLAp3010010838r2020-02-29t1w2020-02-29yBK